| 000 | 00737nam a2200229 a 4500 | ||
|---|---|---|---|
| 001 | 000042327 | ||
| 005 | 20240520103223.0 | ||
| 008 | 131125s2000 dr a 000 0 spa d | ||
| 020 | _a9993401331 | ||
| 040 |
_aDO-SdBNP _bspa _cBNPHU |
||
| 082 |
_a658.8 _bD542m |
||
| 100 | 1 |
_aDíaz Santil, Milciades _969384 |
|
| 245 | 1 | 0 |
_aMercadeo : _bteoría y práctica / _cMilciades Díaz Santil. |
| 250 | _aEdición especial | ||
| 260 |
_aSanto Domingo : _bCorripio, _c2000. |
||
| 300 |
_axxviii, 749 p. : _bil. ; _c27 cm. |
||
| 500 | _aIncluye índice | ||
| 500 | _aIncluye datos biográficos del autor en la contracubierta | ||
| 590 | _aInventariado, 2019/MFF | ||
| 650 | 0 |
_aMercadotecnia _96644 |
|
| 910 | _aValidado. Control de calidad MFF | ||
| 999 |
_c41816 _d41816 |
||